Anne of Green Gables Characters - Statistics

General Stats
  • This quiz has been taken 133 times
  • The average score is 9 of 12
Answer Stats
# Description Character % Correct
1 Red head orphan Anne
100%
2 Had a slate cracked over his head by the above Gilbert
99%
5 Best friend of #1 Diana
97%
3 Elderly lady who adopts a red headed orphan Marilla
97%
4 Kind elderly man who is the brother of the above Matthew
96%
6 Friend of the #1 Ruby
85%
8 Has an eye on everything in Avonlea Rachel Lynde
84%
11 Favourite teacher of #1 Miss Stacy
77%
9 Enemy of #1 Josie
72%
7 Another friend of #1 Jane
66%
12 The minister's wife Mrs Allan
25%
10 Lady who gets jumped on in the spare room bed Miss Barry
20%
No matching quizzes found
Score Distribution
Percent of People with Each Score
Percentile by Number Answered
Your Score History
You have not taken this quiz